Click the Switzerland Cities - Statistics

General Stats
  • This quiz has been taken 200 times
    185 since last reset
  • The average score is 10 of 13
Answers on the Grid
Answers color-coded by a green-red scale on the quiz's grid according to % correct below.
Bern
Berlin
London
Zurich
Moscow
Milan
Geneva
Lyon
St Gallen
Lucerne
Como
Konstanz
Lausanne
Zermatt
Rome
Dublin
Vaduz
Montreux
Wintethur
Venice
Athens
Basel
Delemont
Chur
Stockholm
Madrid
Zug
Warsaw
 
Answer Stats
Answer % Correct
Bern
98%
Zurich
92%
Geneva
91%
Lucerne
88%
St Gallen
78%
Lausanne
77%
Basel
76%
Zermatt
69%
Zug
68%
Montreux
60%
Chur
58%
Wintethur
56%
Delemont
40%
No matching quizzes found
Score Distribution
Percent of People with Each Score
Percentile by Number Answered
Your Score History
You have not taken this quiz since the last reset